| 000 -ლიდერი |
| ფიქსირებული სიგრძის საკონტროლო ველი |
01275nam a2200229Ia 4500 |
| 001 - საკონტროლო ნომერი |
| საკონტროლო ველი |
6409 |
| 003 - საკონტროლო ნომრის იდენტიფიკატორი |
| საკონტროლო ველი |
GE_BSU |
| 005 - ბოლო ოპერაციის თარიღი და დრო |
| საკონტროლო ველი |
20190503152427.0 |
| 008 - ფიქსირებული სიგრძის მონაცემთა ელემენტები - ზოგადი ინფორმაცია |
| ფიქსირებული სიგრძის საკონტროლო ველი |
181216s1971||||ge |||||||||||||| ||geo|| |
| 040 ## - კატალოგიზაციის წყარო |
| Transcribing agency |
GE_BSU |
| 041 ## - ენის კოდი |
| Language code of text/sound track or separate title |
geo |
| 080 ## - უნივერსალური ათობითი კლასიფიკაციის ინდექსი |
| Universal Decimal Classification number |
625.1.001 კ-73 |
| 100 ## - მთავარი ჩანაწერი - პიროვნების სახელი |
| Personal name |
კონიაშვილი, ა. |
| 9 (RLIN) |
684 |
| 245 ## - ცნობა სათაურის შესახებ |
| Title |
ერთლიანდაგიანი რკინიგზების რეკონსტრუქციის დაგეგმარება : |
| Remainder of title |
სახელმძღვ. / |
| Statement of responsibility, etc |
ა. კონიაშვილი, გ. ცისკარიშვილი ; რედ. ტ.ზოზრაშვილი. |
| 264 ## - წარმოების, გამოცემის, დისტრიბუციის და სხვა ცნობები |
| გამოცემის, წარმოების, დისტრიბუციის... ადგილი |
თბილისი : |
| გამოცემის, წარმოების, დისტრიბუციის... სახელწოდება |
განათლება, |
| გამოცემის, წარმოების, დისტრიბუციის... თარიღი |
1971. |
| 300 ## - ფიზიკური აღწერა |
| Extent |
117 გვ. : |
| Other physical details |
ნახაზები, დანართები ; |
| Dimensions |
20 სმ. |
| 653 ## - INDEX TERM--UNCONTROLLED |
| Uncontrolled term |
ერთლიანდაგიანი რკინიგზების რეკონსტრუქციის დაგეგმარება |
| 653 ## - INDEX TERM--UNCONTROLLED |
| Uncontrolled term |
რკინიგზების რეკონსტრუქცია |
| 700 ## - ADDED ENTRY--PERSONAL NAME |
| Personal name |
ცისკარიშვილი,გ. |
| Relator term |
ავტორი |
| 9 (RLIN) |
685 |
| 700 ## - ADDED ENTRY--PERSONAL NAME |
| Personal name |
ზოზრაშვილი, ტ. |
| Relator term |
რედაქტორი |
| 9 (RLIN) |
686 |
| 942 ## - ADDED ENTRY ELEMENTS (KOHA) |
| Koha item type |
წიგნი |
| Source of classification or shelving scheme |
|